New England Patriots Starting Offense - Statistics

General Stats
  • This quiz has been taken 4 times
  • The average score is 2 of 12
Answer Stats
Hint Answer % Correct
QB Drake Maye
67%
WR1 AJ Brown
33%
TE Hunter Henry
33%
WR3 Kayshon Boutte
33%
WR2 Romeo Doubs
33%
LG Alijah Vera-Tucker
0%
C Jared Wilson
0%
RG Mike Onwenu
0%
RT Morgan Moses
0%
FB Reggie Gilliam
0%
RB TreVeyon Henderson
0%
LT Will Campbell
0%
No matching quizzes found
Score Distribution
Percent of People with Each Score
Percentile by Number Answered
Your Score History
You have not taken this quiz